01357nam a22001937a 450000500170000000800400001702000150005705000200007210000210009224506790011325000280079226000450082030000430086550400520090865000340096094200130099499900190100795201370102620151202180628.0151202b sp||||| |||| 00| 0 spa d a848432124X04aB 804bM87 20041 aMuguerza, Javier13aLa filosofía hoy /cJavier Muguerza, Pedro Cerezo, Editores, Juan José Acero Fernández, Celia Amorós, Rafael Argullol, Domingo Blanco Fernández, Margarita Bolanderas, Victoria Camps, Adela Cortina, Manuel Cruz, Elías Díaz, Félix Duque, Javier Echeverría Ezponda, Francisco Fernández Buey, José Gómez Caffarena, José Hierro Sánchez-Pescador, Reyes Mate, Miguel Morey, Jesús Mosterín, Carlos J. Moya, Jacobo Muñoz, Juan Manuel Navarro Cordón, Patricio Peñalver Gómez, Mariano Peñalver Simó, Fernando Quesada Castro, Miguel A. Quintanilla, Ramón Rodríguez, Javier San Martín, Carlos Thiebaut, José Luis Villacañas Berlanga, aSegunda edición: 2004 aBarcelona, España :bCrítica,c2004. a401 paginas, c20 X 14 centímetros,  aIncluye: Bibliografía p, (375-391) e indices  72LembaFilosofía xHistoria  2lcccLIB c110105d110105 102lcc4070aLIC-020bLIC-020cGENERALd2015-12-02kEHl1oB 804 M87 2004pBFF000014639r2025-08-12 14:58:36s2025-08-12tC: 1yLIB